| 000 | 00614nam a2200241Ia 4500 | ||
|---|---|---|---|
| 003 | OSt | ||
| 005 | 20221007073011.0 | ||
| 006 | a|||||r|||| 00| 0 | ||
| 007 | ta | ||
| 008 | 221006b |||||||| |||| 00| 0 eng d | ||
| 024 | _a40,228 | ||
| 037 | _cTextual | ||
| 040 |
_aFLL _cFLL _beng |
||
| 041 |
_2eng _aeng |
||
| 082 | _aZ1y7, Q1 | ||
| 100 | _aHARRIS David | ||
| 245 | 0 | _aCases and materials on international law | |
| 250 | _a7th | ||
| 260 |
_aLondon _bThomson Reuters _c2011 |
||
| 300 |
_alxvii,941p _ccm. |
||
| 942 |
_hZ1y7, Q1 _cTEXL _2CC |
||
| 999 |
_c1147433 _d1147433 |
||